Destrucción masiva : (Registro nro. 1802)
[ vista simple ]
| 000 -LEADER | |
|---|---|
| fixed length control field | 00685nam a2200205Ia 4500 |
| 003 - CONTROL NUMBER IDENTIFIER | |
| control field | DO-SdBJH |
| 005 - DATE AND TIME OF LATEST TRANSACTION | |
| control field | 20200516221018.0 |
| 008 - FIXED-LENGTH DATA ELEMENTS--GENERAL INFORMATION | |
| fixed length control field | 171116s9999 dr 000 0 spa d |
| 020 ## - INTERNATIONAL STANDARD BOOK NUMBER | |
| International Standard Book Number | 978-84-9942-256-5 |
| 040 ## - CATALOGING SOURCE | |
| Original cataloging agency | DO-SdBJH |
| Language of cataloging | spa |
| Transcribing agency | DO-SdBJH |
| 041 ## - LANGUAGE CODE | |
| Language code of summary or abstract | spa |
| 082 ## - DEWEY DECIMAL CLASSIFICATION NUMBER | |
| Classification number | 363.8 |
| Item number | Z66d 2013 |
| 100 1# - MAIN ENTRY--PERSONAL NAME | |
| Personal name | Ziegler,Jean |
| 245 10 - TITLE STATEMENT | |
| Title | Destrucción masiva : |
| Remainder of title | geopolítica del hambre / |
| Statement of responsibility, etc. | Jean Ziegler |
| 260 ## - PUBLICATION, DISTRIBUTION, ETC. (IMPRINT) | |
| Place of publication, distribution, etc. | Barcelona España : |
| Name of publisher, distributor, etc. | Península, |
| Date of publication, distribution, etc. | 2013 |
| 300 ## - PHYSICAL DESCRIPTION | |
| Extent | 333 páginas |
| 490 ## - SERIES STATEMENT | |
| Series statement | Divulgación ;3363 |
| 650 #4 - SUBJECT ADDED ENTRY--TOPICAL TERM | |
| Topical term or geographic name as entry element | Organización de las Naciones Unidas para la agricultura y la alimentación |
| General subdivision | ayuda alimentaria |
| Form subdivision | aspectos políticos, hambre |
| 942 ## - ADDED ENTRY ELEMENTS (KOHA) | |
| Source of classification or shelving scheme | Dewey Decimal Classification |
| Koha item type | Libros |
| Withdrawn status | Lost status | Source of classification or shelving scheme | Damaged status | Not for loan | Collection code | Home library | Current library | Shelving location | Date acquired | Inventory number | Total Checkouts | Full call number | Barcode | Date last seen | Copy number | Price effective from | Koha item type |
|---|---|---|---|---|---|---|---|---|---|---|---|---|---|---|---|---|---|
| Dewey Decimal Classification | Colección General | SIBM UNADE - Biblioteca Escuela de Graduados de Estudios Militares, ERD | SIBM UNADE - Biblioteca Escuela de Graduados de Estudios Militares, ERD | En estantería | 11/11/2017 | 16-EERD-00545 | 363.8 Z66d 2013 | 16-EERD-00545 | 11/18/2017 | Ej.1 | 11/11/2017 | Libros | |||||
| Dewey Decimal Classification | Colección General | SIBM UNADE - Biblioteca Escuela de Graduados de Estudios Militares, ERD | SIBM UNADE - Biblioteca Escuela de Graduados de Estudios Militares, ERD | En estantería | 01/28/2019 | 19-EERD-01652 | 363.8 Z66d 2013 | 19-EERD-01652 | 01/28/2019 | Ej.2 | 01/28/2019 | Libros | |||||
| Dewey Decimal Classification | Colección General | SIBM UNADE - Biblioteca Escuela de Graduados de Estudios Militares, ERD | SIBM UNADE - Biblioteca Escuela de Graduados de Estudios Militares, ERD | En estantería | 01/28/2019 | 19-EERD-01653 | 363.8 Z66d 2013 | 19-EERD-01653 | 01/28/2019 | Ej.3 | 01/28/2019 | Libros | |||||
| Dewey Decimal Classification | Colección General | SIBM UNADE - Biblioteca Escuela Naval. Capitán de Navío Javier O. Polanco Sánchez, ARD | SIBM UNADE - Biblioteca Escuela Naval. Capitán de Navío Javier O. Polanco Sánchez, ARD | En estantería | 07/03/2018 | 18-EARD-00967 | 320 Z66d 2012 | 18-EARD-00967 | 07/03/2018 | Ej.1 | 07/03/2018 | Libros |
